| 000 | 00968nam a2200253 i 4500 | ||
|---|---|---|---|
| 001 | 116842 | ||
| 003 | ES-MaACL | ||
| 005 | 20230906190758.0 | ||
| 007 | t| | ||
| 008 | 061121s1983 sp r ||||1| spa d | ||
| 080 | _a946.81"1873"(093.32) | ||
| 080 | _a929 Pavía y Rodríguez de Alburquerque, Manuel | ||
| 100 | 1 |
_aPavía y Rodríguez de Alburquerque, Manuel. _989681 |
|
| 245 | 1 | 0 |
_aPacificación de Andalucía / _cManuel Pavía y Rodríguez de Alburquerque. |
| 250 | _a2ª ed. | ||
| 260 |
_aCórdoba : _bFrancisco Baena, _c1983. |
||
| 300 |
_aXIX, 218 p. ; _c24 cm. |
||
| 490 | 1 |
_aRecuperación de documentos para la historia de Andalucía ; _v2 |
|
| 595 | _aReprod. facsímil de la ed. impresa en: Madrid : M. Minuesa de los Ríos, 1878. | ||
| 651 | 4 |
_aAndalucía- _xHistoria- _yS.XIX. _9144198 |
|
| 830 | 0 |
_aRecuperación de documentos para la historia de Andalucía ; _v2 _9186386 |
|
| 852 |
_aES-MaACL _jL-4543 _bR.105216 |
||
| 999 |
_c116842 _d116842 |
||